| 000 | 01006nam a2200289 i 4500 | ||
|---|---|---|---|
| 001 | 114991 | ||
| 003 | ES-MaACL | ||
| 005 | 20250903072441.0 | ||
| 007 | t| | ||
| 008 | 070215q1935 sp |||| |bspa d | ||
| 080 | _a929 Floridablanca, José Moñino, conde de | ||
| 080 | _a94(460)"1759/88 | ||
| 080 | _a94(460)"1788/1808" | ||
| 100 | 1 |
_aAlcázar Molina, Cayetano ( _d1897-1958) _919539 |
|
| 245 | 1 | 3 |
_aEl conde de Floridablanca _b: siglo XVIII / _cCayetano Alcázar. |
| 260 |
_aMadrid : _bAguilar, _c[1935?] |
||
| 300 |
_a261 p. ; _c17 cm. |
||
| 490 | 1 |
_aBiblioteca de la cultura española ; _v13 |
|
| 500 | _aFoto del biografiado. | ||
| 504 | _aBibliografía: p. [37]-40. | ||
| 600 | 1 | 4 |
_aFloridablanca, José Moñino _cConde de. _951333 |
| 651 | 4 |
_aEspaña- _xHistoria- _y1759-1788, Carlos III. _98240 |
|
| 651 | 4 |
_aEspaña- _xHistoria- _y1788-1808, Carlos IV. _98242 |
|
| 830 | 0 | 0 |
_aBiblioteca de la cultura española _v13 _9185912 |
| 852 |
_aES-MaACL _jC-23178 |
||
| 999 |
_c114991 _d114991 |
||